000 00304nam a2200145Ia 4500
100 _aJain/R.K
942 _cBK
654 _aproduction
245 _aProduction Technology
260 _bKhanna Publishers
_aNewDelhi
_c2001
082 _a670
_bJAI
300 _a1768
546 _aENGLISH
999 _c31253
_d31253